Pokemon with Multiple Forms - Statistics

General Stats
  • This quiz has been taken 96 times
    47 since last reset
  • The average score is 105 of 202
Answer Stats
Hint Answer % Correct
3 Blastoise
92%
4 Charizard
92%
4 Meowth
92%
8 Pikachu
92%
2 Raichu
92%
3 Venusaur
92%
2 Beedrill
88%
2 Butterfree
88%
2 Ninetales
88%
2 Persian
88%
2 Vulpix
88%
18 Arceus
85%
2 Exeggutor
85%
3 Mewtwo
81%
2 Raticate
81%
2 Rattata
81%
2 Sandshrew
81%
2 Sandslash
81%
64 Alcremie
77%
2 Arcanine
77%
2 Groudon
77%
2 Kyogre
77%
2 Lucario
77%
2 Marowak
77%
2 Shaymin
77%
4 Deoxys
73%
3 Gengar
73%
2 Growlithe
73%
2 Keldeo
73%
2 Pidgeot
73%
2 Snorlax
73%
2 Tyranitar
73%
2 Alakazam
69%
2 Dialga
69%
3 Eevee
69%
2 Grimer
69%
2 Gyarados
69%
2 Moltres
69%
2 Muk
69%
2 Palkia
69%
2 Ponyta
69%
2 Rapidash
69%
2 Rayquaza
69%
6 Rotom
69%
2 Sceptile
69%
18 Silvally
69%
3 Slowbro
69%
2 Weezing
69%
2 Zapdos
69%
2 Aerodactyl
65%
2 Articuno
65%
2 Blaziken
65%
2 Diancie
65%
2 Diglett
65%
2 Dugtrio
65%
2 Farfetch'd
65%
2 Machamp
65%
2 Mawile
65%
2 Metagross
65%
4 Oricorio
65%
2 Swampert
65%
4 Tauros/Paldean Tauros
65%
28 Unown
65%
2 Wooper
65%
2 Decidueye
62%
2 Electrode
62%
2 Giratina
62%
2 Goodra
62%
2 Greninja
62%
5 Kyurem
62%
2 Latias
62%
2 Latios
62%
2 Samurott
62%
2 Sliggoo
62%
2 Slowking
62%
2 Slowpoke
62%
2 Tornadus
62%
4 Zygarde
62%
2 Aggron
58%
2 Gallade
58%
2 Gardevoir
58%
2 Linoone
58%
2 Mr. Mime
58%
4 Necrozma
58%
2 Pinsir
58%
2 Sableye
58%
2 Salamence
58%
2 Scizor
58%
2 Thundurus
58%
2 Typhlosion
58%
2 Voltorb
58%
2 Zigzagoon
58%
2 Corsola
54%
4 Darmanitan
54%
2 Darumaka
54%
5 Genesect
54%
2 Geodude
54%
2 Golem
54%
2 Graveler
54%
2 Hoopa
54%
2 Landorus
54%
2 Lilligant
54%
2 Lopunny
54%
2 Manectric
54%
2 Meloetta
54%
20 Vivillon
54%
2 Audino
50%
3 Basculin
50%
2 Camerupt
50%
4 Castform
50%
2 Garbodor
50%
2 Garchomp
50%
2 Houndoom
50%
2 Kangaskhan
50%
2 Kingler
50%
2 Reshiram
50%
2 Sharpedo
50%
2 Zekrom
50%
2 Abomasnow
46%
2 Altaria
46%
2 Heracross
46%
2 Inteleon
46%
2 Lapras
46%
2 Sneasel
46%
2 Steelix
46%
3 Terapagos
46%
3 Wormadam
46%
2 Ampharos
42%
3 Burmy
42%
2 Centiskorch
42%
2 Cherrim
42%
2 Cinderace
42%
2 Gastrodon
42%
2 Medicham
42%
8 Minior
42%
4 Ogerpon
42%
2 Rillaboom
42%
2 Shellos
42%
2 Dudunsparce
38%
2 Enamorus
38%
2 Glalie
38%
5 Koraidon
38%
2 Meowstic
38%
2 Mimikyu
38%
5 Miraidon
38%
2 Morpeko
38%
3 Toxtricity
38%
2 Ursaluna
38%
2 Xerneas
38%
2 Zoroark
38%
2 Zorua
38%
2 Absol
35%
2 Aegislash
35%
2 Braviary
35%
4 Deerling
35%
2 Qwilfish
35%
4 Sawsbuck
35%
2 Stunfisk
35%
2 Yamask
35%
2 Avalugg
31%
2 Coalossal
31%
2 Corviknight
31%
3 Cramorant
31%
2 Duraludon
31%
2 Eiscue
31%
2 Eternatus
31%
2 Pyroar
31%
4 Urshifu
31%
2 Zacian
31%
2 Zamazenta
31%
2 Appletun
27%
3 Calyrex
27%
2 Flapple
27%
2 Grimmsnarl
27%
2 Hatterene
27%
3 Lycanroc
27%
2 Melmetal
27%
2 Orbeetle
27%
2 Sandaconda
27%
2 Wishiwashi
27%
2 Basculegion
23%
2 Frillish
23%
4 Gourgeist
23%
2 Jellicent
23%
2 Maushold
23%
2 Polteageist
23%
4 Pumpkaboo
23%
2 Sinistea
23%
2 Copperajah
19%
2 Gimmighoul
19%
2 Indeedee
19%
2 Marshadow
19%
2 Poltchageist
19%
2 Sinistcha
19%
3 Tatsugiri
19%
2 Banette
15%
2 Drednaw
15%
2 Palafin
12%
2 Oinkologne
8%
4 Squawkabilly
8%
2 Zarude
8%
2 Rockruff
4%
No matching quizzes found
Score Distribution
Percent of People with Each Score
Percentile by Number Answered
Your Score History
You have not taken this quiz since the last reset